Folklore from Mizoram / (Record no. 96536)

MARC details
000 -LEADER
fixed length control field 00589nam a22001817a 4500
005 - DATE AND TIME OF LATEST TRANSACTION
control field 20150915122850.0
010 ## - LCCN (DPL NO)
LC control number ENG-113924
020 ## - INTERNATIONAL STANDARD BOOK NUMBER
Terms of availability 250.00
International Standard Book Number 9789350450567
035 ## - SYSTEM CONTROL NUMBER
System control number EN-97456
037 ## - SOURCE OF ACQUISITION
Source of stock number/acquisition DBAD/PUB
Stock number dpl
082 ## - DEWEY DECIMAL CLASSIFICATION NUMBER
Classification number 398.20954166
100 ## - MAIN ENTRY--PERSONAL NAME
Personal name Pachuau, Margaret L.
245 ## - TITLE STATEMENT
Title Folklore from Mizoram /
Statement of responsibility, etc by Margaret L. Pachuau
260 ## - PUBLICATION, DISTRIBUTION, ETC. (IMPRINT)
Place of publication, distribution, etc Calcutta
Name of publisher, distributor, etc Writers Workshop
Date of publication, distribution, etc 2013
270 ## - ADDRESS
Address 162/92, Lake Gardens,
City Calcutta
Postal code 700045
300 ## - PHYSICAL DESCRIPTION
Extent 92p.
Dimensions 22cm(Hb)
942 ## - ADDED ENTRY ELEMENTS (KOHA)
Source of classification or shelving scheme Dewey Decimal Classification
Item type English Books
Call number suffix PAC
Classification part 398.20954166
Holdings
Withdrawn status Lost status Not for loan Collection code Home library Current library Date acquired Source of acquisition Cost, normal purchase price Full call number Barcode Copy number Cost, replacement price Koha item type
    Not For Loan Non-fiction D.B.Act.Division D.B.Act.Division 27/08/2015 DBAD/PUB 250.00 PAC EN-97456 1 250.00 English Books

© Delhi Public Library
Hit Counter
free hit counter